<?xml version="1.0" encoding="UTF-8"?>
<record
    xmlns:xsi="http://www.w3.org/2001/XMLSchema-instance"
    xsi:schemaLocation="http://www.loc.gov/MARC21/slim http://www.loc.gov/standards/marcxml/schema/MARC21slim.xsd"
    xmlns="http://www.loc.gov/MARC21/slim">

  <leader>01595nam a22002777a 4500</leader>
  <datafield tag="999" ind1=" " ind2=" ">
    <subfield code="c">4819</subfield>
    <subfield code="d">4819</subfield>
  </datafield>
  <controlfield tag="003">AR-CdUCM</controlfield>
  <controlfield tag="008">190311b           ||||| |||| 00| 0 spa d</controlfield>
  <datafield tag="040" ind1=" " ind2=" ">
    <subfield code="a">MUNICIPALIDAD PROVINCIAL DEL CUSCO</subfield>
    <subfield code="c">BIBLIOTECA MUNICIPAL DEL CUSCO</subfield>
  </datafield>
  <datafield tag="082" ind1=" " ind2=" ">
    <subfield code="a">109 /</subfield>
    <subfield code="b">D99</subfield>
  </datafield>
  <datafield tag="100" ind1=" " ind2=" ">
    <subfield code="a">Dynnik, M.A</subfield>
  </datafield>
  <datafield tag="245" ind1=" " ind2=" ">
    <subfield code="a">Historia de la filosof&#xED;a :</subfield>
    <subfield code="b">De la revoluci&#xF3;n burguesa de Francia de 1789 al nacimiento del marxismo /</subfield>
  </datafield>
  <datafield tag="260" ind1=" " ind2=" ">
    <subfield code="a">M&#xE9;xico :</subfield>
    <subfield code="b">Editorial Grijalbo,</subfield>
    <subfield code="c">1961.</subfield>
  </datafield>
  <datafield tag="300" ind1=" " ind2=" ">
    <subfield code="a">577 paginas ;</subfield>
    <subfield code="c">22 cm.</subfield>
  </datafield>
  <datafield tag="505" ind1=" " ind2=" ">
    <subfield code="a">Contenido :El pensamiento filos&#xF3;fico en Alemania durante el per&#xED;odo de desintegraci&#xF3;n del r&#xE9;gimen feudal y de tr&#xE1;nsito al capitalismo --  La filosof&#xED;a cl&#xE1;sica alemana - Feuerbach -- El socialismo ut&#xF3;pico en Francia, Inglaterra y Alemania --Corrientes fundamentales de la filosof&#xED;a idealista y de la sociolog&#xED;a en Francia durante la primera mitad del siglo XIX -- Teor&#xED;as sociol&#xF3;gicas de los historiadores franceses de la Restauraci&#xF3;n: Guizot, Thierry y Mignet -- Filosof&#xED;a y sociolog&#xED;a en Inglaterra durante la primera mitad del siglo XIX -- Desarrollo de la filosof&#xED;a en Rusia. La filosof&#xED;a materialista de la democracia revolucionaria rusa ...</subfield>
  </datafield>
  <datafield tag="650" ind1=" " ind2=" ">
    <subfield code="a">Historia mundial</subfield>
    <subfield code="9">11016</subfield>
  </datafield>
  <datafield tag="650" ind1=" " ind2=" ">
    <subfield code="a">Filosof&#xED;a sovi&#xE9;tica</subfield>
    <subfield code="9">14856</subfield>
  </datafield>
  <datafield tag="650" ind1=" " ind2=" ">
    <subfield code="a">Filosof&#xED;a universal</subfield>
    <subfield code="9">14857</subfield>
  </datafield>
  <datafield tag="700" ind1=" " ind2=" ">
    <subfield code="a">Iovchuk, M. T</subfield>
    <subfield code="9">14858</subfield>
  </datafield>
  <datafield tag="700" ind1=" " ind2=" ">
    <subfield code="a">Kedrov, B. M</subfield>
    <subfield code="9">14859</subfield>
  </datafield>
  <datafield tag="700" ind1=" " ind2=" ">
    <subfield code="a">Mitin, M. B</subfield>
    <subfield code="9">14860</subfield>
  </datafield>
  <datafield tag="700" ind1=" " ind2=" ">
    <subfield code="a">Trajtenberg, O. V</subfield>
    <subfield code="9">14861</subfield>
  </datafield>
  <datafield tag="700" ind1=" " ind2=" ">
    <subfield code="a">Lain, Jose (traductor)</subfield>
    <subfield code="9">14862</subfield>
  </datafield>
  <datafield tag="700" ind1=" " ind2=" ">
    <subfield code="a">S&#xE1;nchez V&#xE1;squez Adolfo (traductor)</subfield>
    <subfield code="9">14863</subfield>
  </datafield>
  <datafield tag="942" ind1=" " ind2=" ">
    <subfield code="2">ddc</subfield>
    <subfield code="c">LIBROS</subfield>
  </datafield>
  <datafield tag="945" ind1=" " ind2=" ">
    <subfield code="a">rum</subfield>
  </datafield>
  <datafield tag="952" ind1=" " ind2=" ">
    <subfield code="0">0</subfield>
    <subfield code="2">ddc</subfield>
    <subfield code="4">0</subfield>
    <subfield code="7">0</subfield>
    <subfield code="a">SH</subfield>
    <subfield code="b">SH</subfield>
    <subfield code="c">CART</subfield>
    <subfield code="d">2019-03-11</subfield>
    <subfield code="g">38.00</subfield>
    <subfield code="o">109 / D99</subfield>
    <subfield code="p">SH0000005245</subfield>
    <subfield code="r">2019-03-11</subfield>
    <subfield code="y">LIBROS</subfield>
  </datafield>
</record>
